<?xml version="1.0" encoding="UTF-8"?>
<collection xmlns="http://www.loc.gov/MARC21/slim">
  <record>
    <leader>00000nam  2200000   4500</leader>
    <controlfield tag="001">INLIS000000000018955</controlfield>
    <controlfield tag="005">20250120025244</controlfield>
    <datafield tag="035" ind1="#" ind2="#">
      <subfield code="a">0010-0125000099</subfield>
    </datafield>
    <controlfield tag="007">ta</controlfield>
    <controlfield tag="008">250120################g##########0#ind##</controlfield>
    <datafield tag="020" ind1="#" ind2="#">
      <subfield code="a">979 411 732 3</subfield>
    </datafield>
    <datafield tag="082" ind1="#" ind2="#">
      <subfield code="a">959.8</subfield>
    </datafield>
    <datafield tag="084" ind1="#" ind2="#">
      <subfield code="a">959.8 ZAS g</subfield>
    </datafield>
    <datafield tag="100" ind1=" " ind2="#">
      <subfield code="a">Zastrouw Ng, Al</subfield>
    </datafield>
    <datafield tag="245" ind1="1" ind2="#">
      <subfield code="a">Gus Dur : Siapa Sih Sampeyan? :</subfield>
      <subfield code="b">Tafsir Teoritik atas Tindakan dan Pernyataan Gus Dur /</subfield>
      <subfield code="c">Al Zastrouw Ng</subfield>
    </datafield>
    <datafield tag="260" ind1="#" ind2="#">
      <subfield code="a">Jakarta :</subfield>
      <subfield code="b">Erlangga,</subfield>
      <subfield code="c">1999</subfield>
    </datafield>
    <datafield tag="300" ind1="#" ind2="#">
      <subfield code="a">304 halaman :</subfield>
      <subfield code="b">ilus ;</subfield>
      <subfield code="c">19 cm</subfield>
    </datafield>
    <datafield tag="500" ind1="#" ind2="#">
      <subfield code="a">Penulisan buku ini bukan sebagai upaya melakukan pledoi pada siapa pun, tidak juga sebagai upaya pembenaran atas berbagai tindakan dan pernyataan Gus Dur. Lebih dari itu, hal ini dimaksudkan untuk memberikan penjelasan pada masyarakat atas beberapa makna yang ada di balik .... tindakan dan pernyataan Gus Dur..."</subfield>
    </datafield>
    <datafield tag="650" ind1="#" ind2="4">
      <subfield code="a">Politik Pemerintahan</subfield>
    </datafield>
    <datafield tag="990" ind1="#" ind2="#">
      <subfield code="a">02045734</subfield>
    </datafield>
    <datafield tag="990" ind1="#" ind2="#">
      <subfield code="a">02045735</subfield>
    </datafield>
  </record>
</collection>
